00686nam a2200193Ia 4500003000900000008004100009020001800050040001600068080001900084245016200103260003600265300001500301650004100316650002600357650002900383700003100412700002400443700002500467IN-BaIIA211028s9999 xx 000 0 eng d a0-8243-0937-5 cIIA Library a(05)52bANN-37 0aAnnual review of astronomy and astrophysicsbvol. 37cedited by Geoffreyand Burbidge, Allan Sandage and Frank H. Shu  aPalo AltobAnnual Reviewsc1999 avii, 689p. aAstronomy and astrophysics thesaurus aAstronomy-Periodicals aAstrophysics-Periodicals aBurbidge, Geoffreyand, ed. aSandage, Allan, ed. aShu, Frank, H., ed.